| 000 | 01606cam a2200385I 4500 | ||
|---|---|---|---|
| 001 | deutschlandheute00germ | ||
| 003 | CaSfIA | ||
| 005 | 20210118001841.0 | ||
| 007 | cr|||| | ||
| 008 | 730716s1961 gw abc 000 0 eng d | ||
| 010 | _a 62041651 | ||
| 040 |
_aYNG _cYNG _dKSU _dOCLCQ _dNLGGC _dOCLCG _dOCLCA _dZ@L _dCaSfIA |
||
| 019 | _a299980 | ||
| 035 |
_a(OCoLC)656451 _z(OCoLC)299980 |
||
| 043 | _ae-gw--- | ||
| 050 | 4 |
_aDD259 _b.A518 1961 |
|
| 082 | 0 | 4 |
_a914.3 _2@ |
| 084 |
_a74.19 _2bcl |
||
| 110 | 1 |
_aGermany (West). _bPresse- und Informationsamt. |
|
| 245 | 1 | 0 |
_aDeutschland Heute. _h[electronic resource] _cMit einem Geleitwort von Bundeskanzler Dr. Konrad Adenauer. |
| 250 | _a6. neu bearbeitete Aufl. | ||
| 260 |
_a[Bonn, _bAuslieferung; _aWiesbaden, _bF. Steiner, _c1961] |
||
| 300 |
_a917 p. _billus., ports., maps. |
||
| 651 | 0 | _aGermany (West) | |
| 700 | 1 |
_aArntz, Helmut, _d1912-2007, _eed. |
|
| 029 | 1 |
_aNLGGC _b863620825 |
|
| 029 | 1 |
_aAU@ _b000012642087 |
|
| 029 | 1 |
_aAU@ _b000028083341 |
|
| 029 | 1 |
_aNZ1 _b12247109 |
|
| 856 | 4 | 1 |
_uhttp://www.archive.org/details/deutschlandheute00germ _zFree eBook from the Internet Archive |
| 856 | 4 | 2 |
_uhttp://www.openlibrary.org/books/OL5864038M _zAdditional information and access via Open Library |
| 942 | _cEB | ||
| 506 | _fНеобхідна авторизація на https://archive.org/ (створення облікового запису безкоштовно) | ||
| 506 | _fНеобхідна авторизація на https://openlibrary.org/ (створення облікового запису безкоштовно) | ||
| 999 |
_c488139 _d488139 |
||